№ 3; Аналитические обзоры по основным направлениям развития высшего образования; Практика страхования высшего профессионального образования

Dettagli Bibliografici
Parent link:Аналитические обзоры по основным направлениям развития высшего образования: Обзорная информация/ Федеральный институт развития образования. № 3.— , 2006-
Lingua:russo
Pubblicazione: 2011
TOC:О. А. Затепякин, Практика страхования высшего профессионального образования;
Soggetti:
Natura: MixedMaterials Libro
KOHA link:https://koha.lib.tpu.ru/cgi-bin/koha/opac-detail.pl?biblionumber=444235

MARC

LEADER 00000nam2a2200000 4500
001 444235
005 20250314153913.0
035 |a (RuTPU)RU\TPU\prd\105935 
090 |a 444235 
100 |a 20110408a19909999km y0rusy50 ca 
101 0 |a rus 
102 |a RU 
200 0 |a № 3 
210 |d 2011 
461 1 |0 (RuTPU)RU\TPU\prd\23824  |t Аналитические обзоры по основным направлениям развития высшего образования  |o Обзорная информация  |f Федеральный институт развития образования  |v № 3  |d 2006- 
464 |t Практика страхования высшего профессионального образования  |f О. А. Затепякин 
610 1 |a аналитические обзоры 
610 1 |a высшее профессиональное образование 
610 1 |a страхование 
610 1 |a макроуровни 
610 1 |a микроуровни 
610 1 |a мезоуровни 
610 1 |a образовательное страхование 
801 0 |a RU  |b 63413507  |c 20010227  |g PSBO 
801 1 |a RU  |b 63413507  |c 20110408 
801 2 |a RU  |b 63413507  |c 20140225  |g RCR 
942 |c CR